[Event "O Pohár mìsta Øíèany 2014 - OPEN A"]
[Site "Øíèany"]
[Date "2014.08.27"]
[Round "6.28"]
[White "Petr, Jakub"]
[Black "Koper, Stefan"]
[Result "0-1"]
[WhiteElo "1657"]
[BlackElo "1954"]
[PlyCount "104"]

1. e4 c6 2. d4 d5 3. f3 Na6 4. Nc3 Nc7 5. Be3 e6 6. Bd3 a6 7. Nge2 b5 8. Ng3
Be7 9. Qd2 Nf6 10. e5 Nd7 11. Nce2 c5 12. c3 c4 13. Bc2 a5 14. f4 g6 15. O-O
Nb6 16. Nh1 Bd7 17. g4 h5 18. gxh5 Rxh5 19. Nhg3 Rh8 20. Kg2 b4 21. Ng1 Ba4 22.
b3 bxc3 23. Qxc3 Bb4 24. Qb2 cxb3 25. axb3 Bb5 26. Rfc1 Kf8 27. Bd1 Bd3 28. Bc2
Ba6 29. Bd1 Kg7 30. Be2 Nb5 31. Rc6 Rc8 32. Rac1 Ba3 33. Rxc8 Nxc8 34. Qa1 Bxc1
35. Qxc1 Qb6 36. Nf3 Ne7 37. Qc5 Qxc5 38. dxc5 Nc6 39. Bxb5 Bxb5 40. Nd4 Nxd4
41. Bxd4 Bd3 42. Bc3 Rc8 43. b4 axb4 44. Bxb4 Rb8 45. Bc3 Rb5 46. Bd4 Rb4 47.
Be3 Rb2+ 48. Bf2 Rc2 49. Kf3 Bb5 50. h4 Kf8 51. h5 gxh5 52. Nxh5 Be2+ 0-1

[Event "O Pohár mìsta Øíèany 2014 - OPEN A"]
[Site "Øíèany"]
[Date "2014.08.27"]
[Round "6.29"]
[White "Jelinek, Michal"]
[Black "Zavurkova, Monika"]
[Result "1-0"]
[WhiteElo "1946"]
[BlackElo "1720"]
[PlyCount "71"]

1. d4 Nf6 2. c4 e5 3. dxe5 Ng4 4. Nf3 Bc5 5. e3 Nc6 6. Be2 O-O 7. O-O Ngxe5 8.
Nc3 Nxf3+ 9. Bxf3 Ne5 10. Be2 b6 11. Qd5 Nc6 12. Rd1 Re8 13. b3 Qf6 14. Bb2 Rb8
15. Qd2 Qg5 16. Nd5 Bd6 17. f4 Qh6 18. Rf1 Ne7 19. Rf3 Nxd5 20. cxd5 Bc5 21. b4
Bf8 22. Rh3 Qd6 23. Bd3 h6 24. Bc2 Qxb4 25. Qd3 g6 26. Rb1 b5 27. Bd4 Qa3 28.
Rb3 Qc1+ 29. Kf2 c5 30. Bb2 c4 31. Qc3 Qxc2+ 32. Qxc2 cxb3 33. Qc3 f6 34. Qxf6
Rb6 35. Qh8+ Kf7 36. Qh7+ 1-0

[Event "O Pohár mìsta Øíèany 2014 - OPEN A"]
[Site "Øíèany"]
[Date "2014.08.27"]
[Round "6.30"]
[White "Vrtiakova, Anna"]
[Black "Mar, Tomas"]
[Result "0-1"]
[WhiteElo "1954"]
[BlackElo "1604"]
[PlyCount "56"]

1. e4 c5 2. Nf3 e6 3. d4 cxd4 4. Nxd4 a6 5. Nc3 Qc7 6. Bd3 d6 7. O-O Nf6 8. Be3
Nbd7 9. f4 Be7 10. Qe2 O-O 11. g4 b5 12. g5 Ne8 13. Rae1 Nc5 14. f5 Nxd3 15.
cxd3 b4 16. Nd1 d5 17. Rf3 dxe4 18. Rh3 g6 19. dxe4 e5 20. Nb3 Nd6 21. Bc5 Nxf5
22. Bxe7 Nxe7 23. Rh6 f5 24. gxf6 Rxf6 25. Ne3 Rf4 26. Rf1 Qb6 27. Kh1 Rxe4 28.
Qf2 Rf4 0-1

[Event "O Pohár mìsta Øíèany 2014 - OPEN A"]
[Site "Øíèany"]
[Date "2014.08.27"]
[Round "6.31"]
[White "Zizka, Petr"]
[Black "Hanl, Frantisek"]
[Result "1-0"]
[WhiteElo "1624"]
[BlackElo "1972"]
[PlyCount "111"]

1. e4 c6 2. d4 d5 3. Nc3 dxe4 4. Nxe4 Bf5 5. Ng3 Bg6 6. Bf4 Nf6 7. Bc4 Nd5 8.
Bxd5 Qxd5 9. Nf3 Nd7 10. O-O e6 11. b3 Be7 12. Qd2 Nf6 13. Rfe1 O-O 14. Ne5
Rfe8 15. Rad1 Qb5 16. a4 Qb4 17. Nxg6 hxg6 18. Re2 Rad8 19. Ne4 Nxe4 20. Rxe4
Qxd2 21. Rxd2 Rd5 22. Kf1 g5 23. Bc7 Bb4 24. Rd3 Rd7 25. c3 Bxc3 26. Rxc3 Rxc7
27. d5 Kf8 28. dxc6 Rxc6 29. Rxc6 bxc6 30. Rc4 Rc8 31. Rc5 f6 32. Ke2 Ke7 33.
Kd3 Kd6 34. b4 f5 35. g4 g6 36. Ra5 Rc7 37. Kd4 Rh7 38. Ke3 Rb7 39. b5 c5 40.
Ra6+ Kd5 41. Rc6 Rh7 42. Ke2 c4 43. h3 f4 44. f3 Rxh3 45. Rc7 Rh2+ 46. Ke1 Kd4
47. Rxa7 Ke3 48. Kd1 Kxf3 49. b6 Ke3 50. a5 f3 51. Rf7 Kd3 52. Rxf3+ Ke4 53.
Ra3 c3 54. Rxc3 Rb2 55. Ra3 Kd5 56. a6 1-0

[Event "O Pohár mìsta Øíèany 2014 - OPEN A"]
[Site "Øíèany"]
[Date "2014.08.27"]
[Round "6.32"]
[White "Kaiser, Rudolf"]
[Black "Vorisek, Jakub"]
[Result "1-0"]
[WhiteElo "1925"]
[BlackElo "1616"]
[PlyCount "41"]

1. f4 e5 2. e4 Bc5 3. Nf3 d6 4. c3 Bb6 5. d4 exd4 6. cxd4 Bg4 7. Be2 Nc6 8. Be3
Nf6 9. Nc3 O-O 10. h3 Bd7 11. Qd2 Re8 12. e5 dxe5 13. fxe5 Nh5 14. Bf2 g6 15.
g4 Ng7 16. Bh4 Qc8 17. O-O Ba5 18. Bf6 Bb4 19. Qh6 Bf8 20. Ng5 Nh5 21. Qxh7#
1-0

[Event "O Pohár mìsta Øíèany 2014 - OPEN A"]
[Site "Øíèany"]
[Date "2014.08.27"]
[Round "6.33"]
[White "Pivonka, Michael"]
[Black "Kalvach, Ladislav"]
[Result "1-0"]
[WhiteElo "1612"]
[BlackElo "1924"]
[PlyCount "113"]

1. d4 Nf6 2. Nf3 e6 3. Bg5 d5 4. c4 Bb4+ 5. Nc3 h6 6. Bh4 g5 7. Bg3 Ne4 8. Rc1
Nd7 9. cxd5 exd5 10. Qb3 Bxc3+ 11. bxc3 c6 12. Ne5 h5 13. Nxd7 Qxd7 14. f3 Nxg3
15. hxg3 Qd6 16. Kf2 h4 17. gxh4 gxh4 18. e3 Qg3+ 19. Ke2 b6 20. Qa4 Rh6 21.
Kd2 b5 22. Bxb5 cxb5 23. Qxb5+ Kf8 24. Rhg1 Rb8 25. Qxd5 Rb2+ 26. Kd3 Ba6+ 27.
c4 Re6 28. Qc5+ Kg7 29. d5 Reb6 30. Qd4+ Kf8 31. Qg4 Qf2 32. Kd4 Rd2+ 33. Ke4
Rb4 34. Qg5 Rb8 35. Qh6+ Ke7 36. Qxa6 Rxa2 37. Qc6 Rb3 38. d6+ Kf8 39. Qc5
Rxe3+ 40. Qxe3 Re2 41. Qxe2 Qxe2+ 42. Kd4 Qb2+ 43. Kd5 Qb7+ 44. Ke5 Qd7 45. c5
Qe6+ 46. Kd4 Qf6+ 47. Kc4 Qe6+ 48. Kb4 Qd5 49. Rgd1 Qb7+ 50. Kc4 Ke8 51. Re1+
Kd8 52. Re7 Qa6+ 53. Kd4 Qa5 54. Rce1 Qd2+ 55. Kc4 a5 56. Re8+ Kd7 57. R1e7+
1-0

[Event "O Pohár mìsta Øíèany 2014 - OPEN A"]
[Site "Øíèany"]
[Date "2014.08.27"]
[Round "6.34"]
[White "Zlamana, Anna"]
[Black "Pavlicek, Petr"]
[Result "1-0"]
[WhiteElo "1565"]
[BlackElo "1894"]
[PlyCount "79"]

1. e4 c5 2. Nf3 d6 3. d4 cxd4 4. Nxd4 Nf6 5. Nc3 a6 6. Be3 e5 7. Nb3 Be6 8. Be2
Nbd7 9. O-O Be7 10. Kh1 Qc7 11. f4 O-O 12. f5 Bc4 13. Nd2 Bxe2 14. Qxe2 b5 15.
Rac1 Nb6 16. a3 Rac8 17. g4 d5 18. g5 Nxe4 19. Ndxe4 dxe4 20. Nxe4 f6 21. g6
Qc4 22. Qg2 Nd7 23. Rg1 Kh8 24. Qh3 Qg8 25. Rg4 Rfd8 26. gxh7 Qf7 27. Rcg1 Bf8
28. Bh6 Rxc2 29. Bxg7+ Bxg7 30. Rxg7 Qxg7 31. Rxg7 Kxg7 32. Qg4+ Kxh7 33. Qh5+
Kg8 34. Qg6+ Kf8 35. Nxf6 Nxf6 36. Qxf6+ Ke8 37. Qxe5+ Kf8 38. Qh8+ Ke7 39. f6+
Kd7 40. Qh7+ 1-0

[Event "O Pohár mìsta Øíèany 2014 - OPEN A"]
[Site "Øíèany"]
[Date "2014.08.27"]
[Round "6.35"]
[White "Aubrecht, Petr"]
[Black "Havelka, Petr"]
[Result "1/2-1/2"]
[WhiteElo "1539"]
[BlackElo "1882"]
[PlyCount "40"]

1. e4 d5 2. exd5 Qxd5 3. d4 Nf6 4. Nc3 Qd8 5. Nf3 Bf5 6. Bc4 e6 7. O-O Be7 8.
Bf4 O-O 9. d5 exd5 10. Nxd5 Nxd5 11. Bxd5 c6 12. Bb3 Nd7 13. Re1 Bf6 14. c3 Nc5
15. Bc4 Bd3 16. Be3 Bxc4 17. Bxc5 Re8 18. Qxd8 Raxd8 19. Rxe8+ Rxe8 20. Bd4
Bxd4 1/2-1/2

[Event "O Pohár mìsta Øíèany 2014 - OPEN A"]
[Site "Øíèany"]
[Date "2014.08.27"]
[Round "6.36"]
[White "Sochor, Martin"]
[Black "Cabart, Pavel"]
[Result "1-0"]
[WhiteElo "1867"]
[BlackElo "1713"]
[PlyCount "55"]

1. d4 Nf6 2. Nf3 g6 3. c4 Bg7 4. g3 d6 5. Bg2 O-O 6. O-O Nbd7 7. Nc3 e5 8. h3
c6 9. e4 exd4 10. Nxd4 Qb6 11. Nb3 Ne5 12. c5 dxc5 13. Be3 Qc7 14. Bxc5 Rd8 15.
Qc2 Be6 16. f4 Bxb3 17. axb3 Nd3 18. Be3 Nb4 19. Qe2 b6 20. Rfd1 Rxd1+ 21. Rxd1
Rd8 22. e5 Nfd5 23. Bf2 Bf8 24. Ne4 Be7 25. Kh2 f5 26. exf6 Nxf6 27. Nxf6+ Bxf6
28. Qc4+ 1-0

[Event "O Pohár mìsta Øíèany 2014 - OPEN A"]
[Site "Øíèany"]
[Date "2014.08.27"]
[Round "6.37"]
[White "Konvalinka, Vladislav"]
[Black "Civin, Dominik"]
[Result "0-1"]
[WhiteElo "1860"]
[BlackElo "1601"]
[PlyCount "74"]

1. d4 g6 2. c4 Bg7 3. e4 c6 4. Nc3 d6 5. Be3 e5 6. Nf3 Nd7 7. Qd2 Ne7 8. Be2
O-O 9. O-O f5 10. dxe5 Nxe5 11. Rad1 Nf7 12. Ng5 fxe4 13. Ngxe4 d5 14. cxd5
cxd5 15. Ng5 Nxg5 16. Bxg5 Be6 17. Qe3 Qd7 18. Bxe7 Qxe7 19. Bg4 Rfe8 20. Rfe1
Bxg4 21. Qxe7 Rxe7 22. Rxe7 Bxc3 23. f3 Bf6 24. Rxb7 Be6 25. b4 d4 26. Kf2 Bc4
27. Rc7 Bb5 28. a4 Bxa4 29. Ra1 Bb5 30. Raxa7 Re8 31. Rab7 Re2+ 32. Kf1 Re7+
33. Kf2 Rxc7 34. Rxc7 d3 35. Ke3 Kf8 36. Rb7 Bg5+ 37. f4 Bxf4+ 0-1

[Event "O Pohár mìsta Øíèany 2014 - OPEN A"]
[Site "Øíèany"]
[Date "2014.08.27"]
[Round "6.38"]
[White "Lacha, Jan"]
[Black "Stankova, Zuzana"]
[Result "1-0"]
[WhiteElo "1511"]
[BlackElo "1827"]
[PlyCount "53"]

1. e4 e5 2. Nf3 Nc6 3. d4 exd4 4. Bc4 Nf6 5. e5 d5 6. Bb5 Ne4 7. Nxd4 Bd7 8.
Bxc6 bxc6 9. O-O c5 10. Nb3 Be7 11. Qxd5 Bf5 12. Qc6+ Kf8 13. Be3 Rb8 14. Na3
Qc8 15. Rad1 Rb6 16. Qa4 Qa8 17. f3 Bg5 18. Bxg5 Nxg5 19. Qf4 Nh3+ 20. gxh3
Rg6+ 21. Kf2 Bxh3 22. Rg1 Rc6 23. Qg3 Qc8 24. Qxg7+ Ke7 25. Qg5+ f6 26. Qg7+
Ke6 27. Qxf6# 1-0

[Event "O Pohár mìsta Øíèany 2014 - OPEN A"]
[Site "Øíèany"]
[Date "2014.08.27"]
[Round "6.40"]
[White "Vystrcil, Martin"]
[Black "Lizner, Milan"]
[Result "1-0"]
[WhiteElo "1803"]
[BlackElo "1989"]
[PlyCount "41"]

1. e4 c5 2. Nf3 Nc6 3. d4 cxd4 4. Nxd4 e5 5. Nb5 a6 6. Nd6+ Bxd6 7. Qxd6 Qf6 8.
Qd1 Nge7 9. Nc3 Qg6 10. h4 h5 11. Bg5 d5 12. exd5 Nb4 13. Bxe7 Kxe7 14. Bd3
Nxd3+ 15. Qxd3 Bf5 16. d6+ Kf8 17. Qd5 Rd8 18. O-O-O Rd7 19. Qxe5 Bxc2 20. Qc5
Ke8 21. Qc8+ 1-0

[Event "O Pohár mìsta Øíèany 2014 - OPEN A"]
[Site "Øíèany"]
[Date "2014.08.27"]
[Round "6.41"]
[White "Korsa, Jiri"]
[Black "Horyna, Josef"]
[Result "0-1"]
[WhiteElo "1695"]
[BlackElo "1854"]
[PlyCount "92"]

1. e4 d6 2. Nc3 c6 3. d3 e5 4. h3 Be7 5. g4 Bg5 6. Bg2 Be6 7. Nge2 Bxc1 8. Qxc1
g5 9. d4 h6 10. d5 cxd5 11. exd5 Bc8 12. Ne4 Nf6 13. N2c3 Nxe4 14. Nxe4 f5 15.
gxf5 Bxf5 16. Qd2 Bxe4 17. Bxe4 Nd7 18. O-O-O Qf6 19. Rdg1 Rf8 20. h4 Qxf2 21.
Qxf2 Rxf2 22. Bg6+ Kd8 23. hxg5 hxg5 24. Rh8+ Rf8 25. Rxf8+ Nxf8 26. Rxg5 Nxg6
27. Rxg6 Kc7 28. Rg7+ Kb6 29. b4 a5 30. a3 axb4 31. axb4 Kb5 32. Rxb7+ Kc4 33.
Rc7+ Kxd5 34. c4+ Kd4 35. c5 dxc5 36. Rxc5 Ra4 37. Rb5 e4 38. Ra5 Rxb4 39. Ra3
e3 40. Kd1 Rb1+ 41. Ke2 Rb2+ 42. Kf3 Rf2+ 43. Kg3 Rf8 44. Ra7 e2 45. Re7 Kd3
46. Rd7+ Kc2 0-1

[Event "O Pohár mìsta Øíèany 2014 - OPEN A"]
[Site "Øíèany"]
[Date "2014.08.27"]
[Round "6.42"]
[White "Stork, Rostislav"]
[Black "Vorsilka, Jiri"]
[Result "1-0"]
[WhiteElo "1807"]
[BlackElo "1699"]
[PlyCount "83"]

1. e4 Nf6 2. e5 Nd5 3. c4 Nb6 4. d4 d6 5. f4 dxe5 6. fxe5 Nc6 7. Be3 Bf5 8. Nc3
e6 9. Nf3 Qd7 10. Be2 O-O-O 11. O-O Be7 12. a3 h6 13. b4 g5 14. b5 Na5 15. c5
Nd5 16. Nxd5 Qxd5 17. Qa4 b6 18. cxb6 axb6 19. Nd2 g4 20. Rac1 h5 21. Nc4 Nxc4
22. Rxc4 h4 23. Rfc1 c5 24. bxc6 Qa5 25. Qxa5 bxa5 26. Ra4 Kc7 27. Rxa5 Ra8 28.
Bd2 Rhb8 29. a4 Ba3 30. Rxa8 Rxa8 31. Rc4 Ra6 32. Kf2 Rxc6 33. Ke3 Rxc4 34.
Bxc4 Kb7 35. Kf4 Bf8 36. Kg5 Be7+ 37. Kh5 f6 38. Be2 fxe5 39. dxe5 g3 40. Bf3+
Ka6 41. h3 Bd3 42. Bg5 1-0

[Event "O Pohár mìsta Øíèany 2014 - OPEN A"]
[Site "Øíèany"]
[Date "2014.08.27"]
[Round "6.43"]
[White "Lhotsky, Zdenek Ml."]
[Black "Zak, Jiri"]
[Result "1/2-1/2"]
[WhiteElo "1601"]
[BlackElo "1776"]
[PlyCount "133"]

1. e4 c5 2. Nf3 d6 3. d4 cxd4 4. Nxd4 Nf6 5. Nc3 a6 6. f3 g6 7. Be3 Bg7 8. Qd2
Nc6 9. Bc4 Ne5 10. Bb3 Bd7 11. Bh6 O-O 12. Bxg7 Kxg7 13. O-O-O b5 14. g4 Qb6
15. h4 a5 16. Nd5 Nxd5 17. Bxd5 Rac8 18. h5 Rh8 19. Nf5+ gxf5 20. Qg5+ Kf8 21.
Qh6+ Ke8 22. Qg7 Rf8 23. exf5 Qe3+ 24. Kb1 h6 25. Qh7 Bc6 26. Rhe1 Qg5 27.
Bxc6+ Rxc6 28. f6 Qxf6 29. Re3 Nxf3 30. Qe4 Ne5 31. Rd5 Nc4 32. Rd4 Rc8 33. Rf3
Qg5 34. Rfd3 Ne5 35. Qb7 Rd8 36. Qxb5+ Nd7 37. Qc6 Qc5 38. Qe4 Ne5 39. Rc3 Qb5
40. a4 Qd7 41. Rc5 f5 42. Qe2 fxg4 43. Rxe5 g3 44. Re3 Rf2 45. Qg4 Qxg4 46.
Rxg4 Rc8 47. c3 g2 48. Reg3 Rc5 49. Rxg2 Rxg2 50. Rxg2 Rxh5 51. Kc2 Re5 52. Kd3
Kd7 53. Rh2 h5 54. Rg2 Ke6 55. b4 axb4 56. cxb4 Kd5 57. Rc2 Re4 58. Rb2 Rd4+
59. Ke3 e5 60. a5 Kc6 61. b5+ Kb7 62. b6 Ra4 63. Rd2 Rxa5 64. Rxd6 Rb5 65. Ke4
Rxb6 66. Rxb6+ Kxb6 67. Kxe5 1/2-1/2

[Event "O Pohár mìsta Øíèany 2014 - OPEN A"]
[Site "Øíèany"]
[Date "2014.08.27"]
[Round "6.44"]
[White "Zabehlicky, Jiri"]
[Black "Jirousek, Filip"]
[Result "1/2-1/2"]
[WhiteElo "1585"]
[BlackElo "1778"]
[PlyCount "40"]

1. d4 Nf6 2. c4 g6 3. Nc3 Bg7 4. e4 d6 5. Nf3 O-O 6. Be2 Nc6 7. O-O e5 8. d5
Ne7 9. Bg5 Ne8 10. Qd2 f5 11. exf5 Bxf5 12. Bd3 Qd7 13. Rae1 Bxd3 14. Qxd3 Nf5
15. Ne4 h6 16. Be3 Nf6 17. Nxf6+ Rxf6 18. b3 a6 19. a4 Re8 20. Qe4 Nxe3 1/2-1/2

[Event "O Pohár mìsta Øíèany 2014 - OPEN A"]
[Site "Øíèany"]
[Date "2014.08.27"]
[Round "6.45"]
[White "Trochta, Vojtech"]
[Black "Palla, Ivan"]
[Result "1/2-1/2"]
[WhiteElo "1744"]
[BlackElo "1536"]
[PlyCount "38"]

1. e4 c6 2. d4 d5 3. e5 Bf5 4. g4 Bg6 5. h4 h6 6. h5 Bh7 7. e6 fxe6 8. Bd3 Nf6
9. Bxh7 Nxh7 10. Qd3 Qd6 11. Nh3 e5 12. Nc3 Nd7 13. Bd2 e4 14. Qe2 e5 15. dxe5
Qxe5 16. O-O-O O-O-O 17. Nf4 Qf6 18. Ng6 Rg8 19. Be3 Kb8 1/2-1/2

[Event "O Pohár mìsta Øíèany 2014 - OPEN A"]
[Site "Øíèany"]
[Date "2014.08.27"]
[Round "6.46"]
[White "Helebrand, Frantisek"]
[Black "Skvaril, Michal"]
[Result "1/2-1/2"]
[WhiteElo "1546"]
[BlackElo "1730"]
[PlyCount "45"]

1. d4 d5 2. c4 e6 3. Nc3 Nf6 4. Bg5 Be7 5. Nf3 O-O 6. e3 h6 7. Bh4 b6 8. Rc1
Bb7 9. Bd3 Nbd7 10. O-O c5 11. Qe2 Rc8 12. cxd5 Nxd5 13. Bxe7 Qxe7 14. Rfd1
cxd4 15. Nxd5 Bxd5 16. Nxd4 Nc5 17. Bb1 Rfd8 18. h3 Bb7 19. Qc2 Be4 20. Qe2
Bxb1 21. Rxb1 Qf6 22. Rbc1 e5 23. Nf3 1/2-1/2